000 01508cam a2200349 a 4500
999 _c6445
_d6445
001 3538898
003 OSt
005 20200122113618.0
008 950629s1995 ja a b 100 0 eng d
010 _a 96232396
020 _a9280808818
035 _a(OCoLC)32731238
040 _aViMcC
_cViMcC
_dDLC
042 _alccopycat
050 0 4 _bA76 1995
082 _a327.17
_bARM 1995
245 0 0 _aArms reduction :
_beconomic implications in the post-Cold War era /
_cedited by Lawrence R. Klein, Fu-chen Lo, and Warwick J. McKibbin.
260 _aTokyo ;
_aNew York :
_bUnited Nations University Press,
_c1995.
300 _avii, 384 p. :
_bill. ;
_c24 cm.
500 _a"Based on the proceedings of the 1992 Tokyo Conference on 'Arms Reduction and Economic Development in the Post-Cold War Era' - the second in a series of UNU conferences on Future Global Change and Modelling"--Note to the reader.
504 _aIncludes bibliographical references.
650 0 _aDisarmament
_xEconomic aspects
_xCongresses.
_913244
650 0 _aArms control
_xEconomic aspects
_xCongresses.
_913245
650 0 _aArmed Forces
_xAppropriations and expenditures
_xCongresses.
_913246
650 0 _aEconomic conversion
_xCongresses.
_913247
700 1 _aKlein, Lawrence R.
_913248
700 1 _aLo, Fu-chen.
_913249
700 1 _aMcKibbin, Warwick J.,
_d1957-
_913250
906 _a7
_bcbc
_ccopycat
_d2
_encip
_f19
_gy-gencatlg
942 _2ddc
_cO_SHELF